[Event "CRO-ch U15"]
[Site "Trogir"]
[Date "2021.06.19"]
[Round "1"]
[White "Remetovic, Petar"]
[Black "Grgantov, Marin"]
[Result "0-1"]
[WhiteElo "1251"]
[BlackElo "1956"]
[PlyCount "40"]
[EventDate "2021.06.18"]
[EventType "swiss"]
[EventRounds "9"]
[EventCountry "CRO"]
[SourceTitle "EXT 2022"]
[Source "ChessBase"]
[SourceDate "2021.10.06"]
[SourceVersion "1"]
[SourceVersionDate "2021.10.06"]
[SourceQuality "1"]

1. e4 d5 2. exd5 Nf6 3. Nc3 Nxd5 4. Nxd5 Qxd5 5. Nf3 Nc6 6. Be2 Bg4 7. h3 Bh5 8. 0-0 0-0-0 9. d3 h6 10. Bf4 g5 11. Bh2 Bg7 12. g4 Bg6 13. Qc1 f5 14. Nd2 h5 15. Bf3 Qd7 16. Bxc6 Qxc6 17. Nc4 hxg4 18. hxg4 Rxh2 19. Kxh2 Rh8+ 20. Kg1 Rh1# 0-1

[Event "CRO-ch U15"]
[Site "Trogir"]
[Date "2020.08.27"]
[Round "6"]
[White "Remetovic, Petar"]
[Black "Markovic, Marko2222"]
[Result "1-0"]
[WhiteElo "1181"]
[BlackElo "1628"]
[PlyCount "57"]
[EventDate "2020.08.24"]
[EventType "swiss"]
[EventRounds "9"]
[EventCountry "CRO"]
[SourceTitle "CBM 198 Extra"]
[Source "ChessBase"]
[SourceDate "2020.11.30"]
[SourceVersion "1"]
[SourceVersionDate "2020.11.30"]
[SourceQuality "1"]

1. e4 c5 2. Nf3 Nc6 3. d4 cxd4 4. Nxd4 g6 5. Nc3 Bg7 6. Nb3 Nf6 7. g3 0-0 8. Bg2 d6 9. 0-0 Bd7 10. Re1 Qc8 11. Bd2 Bh3 12. Qc1 Ne5 13. Bh6 Qg4 14. Bxg7 Nf3+ 15. Kh1 Bxg2+ 16. Kxg2 Nxe1+ 17. Qxe1 Kxg7 18. e5 Nh5 19. exd6 exd6 20. Nd5 Qe6 21. Qd2 Rac8 22. Re1 Qd7 23. Qd4+ Kg8 24. Ne7+ Qxe7 25. Rxe7 Rxc2 26. Rxb7 Ng7 27. Qxd6 Nf5 28. Qe5 Rfc8 29. Rb8 1-0